01019nam a2200193 a 4500008004100000050001700041110005500058245014600113260003900259300000900298350000900307500010100316650003200417650007900449650004000528995010800568999001700676952013200693091209s2003 ||||||||||||||||| || u aHC 79.E5 UNI aUnited Nations Economic and Social Affairs (UNESA)10aJohannesburg declaration on sustainable development and plan of implementation of the world summit on sustainable developmentcUnited Nations aJohannesburgbUNITED NATIONSc2003 a88p. a0.00 aWord Summit on Sustainable Development, 26 August - 4 September 2002, Johannesburg, South Africa 0aAFRICA--ECONOMIC CONDITIONS aWORLD SUMMIT ON SUSTAINABLE DEVELOPMENT (2002: JOHANNESBURG, SOUTH AFRICA) aSUSTAINABLE DEVELOPMENT--CONGRESSES D0.00FCBU-MAIN LIBRARY (Kitwe)H1I0.00M1UAVAILABLEWDec 9, 2009ZMain Library Open Access Collection c48483d48483 00102lcc4070a001b001cMain Library Open Access Collectiond2022-11-30l0oHC 79.E5 UNIp39940r2022-11-30w2022-11-30y002